000 00206 a2200097 4500
001 23434
100 _aFicchi, R F
245 _aElectrical Interference
260 _a
_bIliffe
_c1964
090 _c15827
_d15827
942 _aNUST-CAE
_cM
_c6477
999 _c258507
_d258507